The Only Country In The World - Statistics

General Stats
  • This quiz has been taken 93 times
  • The average score is 7 of 8
Answer Stats
Hint Answer % Correct
that is also a continent Australia
98%
That is larger than Antarctica Russia
97%
With an emperor Japan
88%
Do not allow women to drive Saudi Arabia
87%
Whose peak position is one in terms of largest GDP other than USA and China India
86%
Has more voters than combined population of USA, UK,Japan and Australia India
86%
With no mosquitoes Iceland
83%
With most carbon dioxide emissions China
81%
No matching quizzes found
Score Distribution
Percent of People with Each Score
Percentile by Number Answered
Your Score History
You have not taken this quiz